Meistgesprochene Sprachen in Europa - Statistiken

Allgemein
  • Dieses Quiz wurde 484 mal gespielt
  • Das Durchschnittsergebnis liegt bei 7 aus 10
Antwortstatistiken
Muttersprachler Land % Korrekt
120 Mio. Russisch
98%
100 Mio Deutsch
95%
80 Mio. Französisch
91%
70 Mio. Englisch
88%
45 Mio. Spanisch
76%
69 Mio. Italienisch
73%
70 Mio. Türkisch
62%
40 Mio. Polnisch
60%
45 Mio. Ukrainisch
48%
23 Mio. Rumänisch
43%
Keine übereinstimmenden Quizze gefunden
Verteilung der Resultate
Anzahl Personen mit jedem Resultat
Perzentil nach korrekt beantworteten Fragen
Ihre Resultats-Entwicklung
Sie haben dieses Quiz noch nicht gespielt